| 000 | 00439nam a22001817a 4500 | ||
|---|---|---|---|
| 003 | MPLRDC | ||
| 005 | 20220104160508.0 | ||
| 008 | 210129b ||||| |||| 00| 0 eng d | ||
| 020 | _a7-80678-360-1 | ||
| 082 | _a782.886 HZ | ||
| 100 | _a洪烛 | ||
| 245 |
_a风流不见使人愁 _c |
||
| 250 | _a一版一刷 | ||
| 260 |
_a中国 _b上海书店出版社 _c2005 |
||
| 300 | _b平 | ||
| 650 | _a中国传记 | ||
| 942 |
_cBK _o782.886 HZ |
||
| 999 |
_c55011 _d55001 |
||